| 000 | 00552ntaaa2200193 4500 | ||
|---|---|---|---|
| 003 | 01 | ||
| 005 | 20251027202320.0 | ||
| 008 | 0714s1973 ag 01 | ||
| 040 |
_aAR-BaBN _bspa _cAR-BaBN _eaacr _dRIC |
||
| 082 | _a280.1600 L94 | ||
| 100 |
_aLove, James Franklin _91491 |
||
| 245 | _aThe union movement | ||
| 250 | _a1 ed. | ||
| 260 |
_aNashville : _bSunday School Board of the Southern Baptist Convention, _cc1918 |
||
| 300 | _a143 p | ||
| 500 | _aSobre el movimiento ecuménico | ||
| 650 |
_aEcumenismo-interpretación bautista _921714 |
||
| 942 | _cBK | ||
| 999 |
_c17967 _d17967 |
||